000 004520000a22001810004500
003 LK-CoMWRAF
005 20230924212540.0
008 230817t ||||| |||| 00| 0 eng d
040 _aLK-CoMWRAF
_dLK-CoMWRAF
_eLK-CoMWRAF
041 _aeng
082 _a297
_bHAN
100 _aHaneef, Suzanne
245 _aWhat everyone should know about Islam and Muslims
260 _aLahore :
_bKazi,
_c1985
300 _a202p
650 _aIslam
942 _cBK
999 _c1064
_d1064